[Event "Gausdal Classics 2008 GM-B"]
[Site "Gausdal NOR"]
[Date "2008.04.13"]
[Round "6.16"]
[White "Tolhuizen, Ludo"]
[Black "Welling, Gerard"]
[Result "0-1"]
[WhiteElo "2248"]
[BlackElo "2378"]
[PlyCount "102"]
[EventDate "2008.04.08"]
[EventType "swiss"]
[EventRounds "9"]
[EventCountry "NOR"]
[Source "lmi"]
[SourceDate "2008.04.08"]

1. e4 e6 2. d4 d5 3. exd5 exd5 4. Nf3 Nc6 5. Bb5 Bd6 6. O-O Nge7 7. c4 dxc4 8.
Bxc4 O-O 9. h3 Bf5 10. Nc3 Ng6 11. Bg5 Qd7 12. Nb5 Bf4 13. Bxf4 Nxf4 14. Qd2
Nxg2 15. Kxg2 a6 16. Nc3 Bxh3+ 17. Kh2 Bxf1 18. Bxf1 Rad8 19. Bg2 Nxd4 20. Qxd4
Qxd4 21. Nxd4 Rxd4 22. Bxb7 Rb8 23. Re1 g6 24. Bxa6 Rxb2 25. Kg3 h5 26. Re7 h4+
27. Kg2 Rc2 28. Rxc7 Rdd2 29. Rc8+ Kg7 30. Ne4 Rxc8 31. Bxc8 Rxa2 32. Ng5 f6
33. Nf3 g5 34. Nd4 Kg6 35. Bf5+ Kh5 36. Be6 Ra7 37. f3 Ra4 38. Bf7+ Kh6 39.
Nf5+ Kh7 40. Bd5 Ra5 41. Be4 Kg8 42. f4 Kf7 43. fxg5 fxg5 44. Kh3 Kf6 45. Nh6
Ke5 46. Bc2 Kf4 47. Bd1 Ra6 48. Ng4 Ra3+ 49. Kh2 Ra2+ 50. Kg1 Ra1 51. Nf2 g4
0-1

[Event "Gausdal Classics 2008 GM-B"]
[Site "Gausdal NOR"]
[Date "2008.04.13"]
[Round "6.17"]
[White "Van Den Bersselaar, Jeroen"]
[Black "Westerinen, Heikki M.J"]
[Result "0-1"]
[WhiteElo "2177"]
[BlackElo "2357"]
[PlyCount "82"]
[EventDate "2008.04.08"]
[EventType "swiss"]
[EventRounds "9"]
[EventCountry "NOR"]
[Source "lmi"]
[SourceDate "2008.04.08"]

1. d4 Nf6 2. c4 g6 3. Nc3 Bg7 4. e4 d6 5. Nf3 O-O 6. h3 e5 7. d5 Nbd7 8. Bg5 h6
9. Be3 Nc5 10. Nd2 a5 11. g4 Bd7 12. Rg1 Ne8 13. Be2 Kh7 14. Nf1 Bf6 15. Qd2
Bg5 16. Rh1 f5 17. gxf5 gxf5 18. exf5 Bxf5 19. h4 Bxe3 20. Nxe3 Qd7 21. O-O-O
Nf6 22. f3 Bg6 23. h5 Nxh5 24. Ng4 Nf4 25. Rxh6+ Kg7 26. Rdh1 Qf5 27. Rxg6+
Qxg6 28. Qe3 Rf5 29. Bd1 Nfd3+ 30. Kb1 Qg5 31. Rg1 Kf8 32. Ne4 Qxe3 33. Nxe3
Rf4 34. Ng5 Ke7 35. Rh1 Rg8 36. Rh7+ Kd8 37. Nh3 Rff8 38. Ng4 Rh8 39. Ng5 Rxh7
40. Nxh7 Rh8 41. Ng5 Rh1 0-1

[Event "Gausdal Classics 2008 GM-B"]
[Site "Gausdal NOR"]
[Date "2008.04.13"]
[Round "6.21"]
[White "Tjolsen, Katrine"]
[Black "Groffen, Hans"]
[Result "0-1"]
[WhiteElo "2066"]
[BlackElo "2220"]
[PlyCount "96"]
[EventDate "2008.04.08"]
[EventType "swiss"]
[EventRounds "9"]
[EventCountry "NOR"]
[Source "lmi"]
[SourceDate "2008.04.08"]

1. c4 e5 2. g3 Nc6 3. Bg2 f5 4. Nc3 Nf6 5. d3 Bb4 6. Bd2 O-O 7. a3 Bxc3 8. Bxc3
d6 9. Nf3 Qe8 10. b4 Bd7 11. Qb3 Nd8 12. Rc1 Kh8 13. Nd2 Bc6 14. O-O Bxg2 15.
Kxg2 Qh5 16. e3 Ne6 17. Qd1 Qh6 18. Qe2 Rae8 19. e4 Nh5 20. Kg1 f4 21. Nf3 g5
22. d4 g4 23. Nh4 Nxd4 24. Bxd4 exd4 25. Qxg4 Rg8 26. Nf5 Rxg4 27. Nxh6 Rg6 28.
Nf5 c5 29. f3 fxg3 30. hxg3 Nxg3 31. Nxg3 Rxg3+ 32. Kf2 Reg8 33. Ke2 Rg2+ 34.
Rf2 Rg1 35. Rff1 R8g2+ 36. Kd3 Rxf1 37. Rxf1 Ra2 38. bxc5 dxc5 39. e5 Rxa3+ 40.
Ke4 Re3+ 41. Kf5 d3 42. f4 d2 43. Rd1 Re2 44. Ke6 Kg7 45. Ke7 b5 46. e6 Kg6 47.
f5+ Kxf5 48. Kf7 bxc4 0-1

[Event "Gausdal Classics 2008 GM-B"]
[Site "Gausdal NOR"]
[Date "2008.04.13"]
[Round "6.22"]
[White "Stips, Felix"]
[Black "Bentsen, Hakon"]
[Result "1/2-1/2"]
[WhiteElo "2102"]
[BlackElo "2180"]
[PlyCount "110"]
[EventDate "2008.04.08"]
[EventType "swiss"]
[EventRounds "9"]
[EventCountry "NOR"]
[Source "lmi"]
[SourceDate "2008.04.08"]

1. Nf3 Nf6 2. c4 e6 3. Nc3 d5 4. d4 c5 5. cxd5 Nxd5 6. e4 cxd4 7. Qxd4 Nc6 8.
Bb5 Nxc3 9. Qxc3 Qb6 10. Qb3 Bd7 11. O-O Bc5 12. Bd2 a6 13. Bc4 Nd4 14. Nxd4
Bxd4 15. Qxb6 Bxb6 16. Bb4 Bc6 17. Rfe1 Bd4 18. Re2 a5 19. Bd6 a4 20. Rd1 Bf6
21. e5 Be7 22. a3 Bxd6 23. Rxd6 Ke7 24. Red2 Ra5 25. f4 g5 26. g3 gxf4 27. gxf4
Rg8+ 28. Kf1 Rc5 29. Be2 Rc1+ 30. Rd1 Rxd1+ 31. Bxd1 f6 32. f5 Bd7 33. fxe6
Bb5+ 34. Kf2 fxe5 35. Rd5 Bc6 36. Rxe5 Rg2+ 37. Ke3 Rxh2 38. Kd3 Rxb2 39. Kc3
Ra2 40. Kb4 Rd2 41. Be2 Rd4+ 42. Ka5 Kd6 43. Re3 Re4 44. Rxe4 Bxe4 45. Kxa4
Kxe6 46. Ka5 Bc6 47. Kb6 Kf6 48. Bd1 Kg5 49. a4 Be4 50. a5 Kf4 51. Bh5 Kg5 52.
Be8 h6 53. Bf7 Bf3 54. Be8 Bd5 55. Kc5 Bf3 1/2-1/2

[Event "Gausdal Classics 2008 GM-B"]
[Site "Gausdal NOR"]
[Date "2008.04.13"]
[Round "6.23"]
[White "Obers, Frits"]
[Black "Eriksen, Terje"]
[Result "0-1"]
[WhiteElo "2111"]
[BlackElo "2170"]
[PlyCount "152"]
[EventDate "2008.04.08"]
[EventType "swiss"]
[EventRounds "9"]
[EventCountry "NOR"]
[Source "lmi"]
[SourceDate "2008.04.08"]

1. d4 Nf6 2. Nf3 g6 3. Bf4 Bg7 4. h3 O-O 5. e3 d6 6. Be2 c6 7. O-O Qb6 8. Qc1
Ne4 9. c4 Nd7 10. Qc2 f5 11. Nc3 e5 12. Bh2 Nxc3 13. Qxc3 f4 14. Rad1 Qd8 15.
Qc2 Qe7 16. exf4 exf4 17. Rfe1 Qf6 18. b3 g5 19. Qe4 Nb6 20. Bd3 Bf5 21. Qxf5
Qxf5 22. Bxf5 Rxf5 23. Rd3 h6 24. g3 fxg3 25. fxg3 Raf8 26. Nd2 d5 27. c5 Nd7
28. g4 R5f7 29. Bd6 Rd8 30. Rf1 Rxf1+ 31. Nxf1 Re8 32. Kf2 Re4 33. Ng3 Rxd4 34.
Re3 Rf4+ 35. Ke2 Rf7 36. Re8+ Kh7 37. Nf5 Bb2 38. Re6 Bg7 39. Kd3 Nf8 40. Re8
Ng6 41. Ke3 Bb2 42. Re6 Rf6 43. Re8 Rf7 44. Re6 Bf6 45. Re8 Nh4 46. Ng3 Bb2 47.
Ke2 Ng2 48. Nf5 Nh4 49. Ng3 Nf3 50. Nf5 Nd4+ 51. Nxd4 Bxd4 52. Kd3 Bf6 53. Ra8
a6 54. Rc8 h5 55. Rb8 hxg4 56. hxg4 Kg6 57. Ke2 Rh7 58. Rg8+ Kf7 59. Rb8 Ke6
60. Kf3 Rf7 61. Ke3 Be7 62. Bxe7 Rxe7 63. b4 Kf6+ 64. Kd3 Rf7 65. Rg8 Re7 66.
Rb8 Re4 67. Rxb7 Rxg4 68. Rb6 Ke5 69. Rxc6 Rg3+ 70. Ke2 Ra3 71. Rg6 Rxa2+ 72.
Kf3 Ra3+ 73. Kg4 d4 74. Rxg5+ Ke4 75. c6 d3 76. Rg8 Rc3 0-1

[Event "Gausdal Classics 2008 GM-B"]
[Site "Gausdal NOR"]
[Date "2008.04.13"]
[Round "6.24"]
[White "Mader, Manuela"]
[Black "Bentsen, Oyvind"]
[Result "0-1"]
[WhiteElo "2161"]
[BlackElo "2115"]
[PlyCount "68"]
[EventDate "2008.04.08"]
[EventType "swiss"]
[EventRounds "9"]
[EventCountry "NOR"]
[Source "lmi"]
[SourceDate "2008.04.08"]

1. e4 e5 2. Nf3 Nc6 3. Bb5 Nf6 4. d3 d6 5. c3 g6 6. O-O Bg7 7. Nbd2 O-O 8. Re1
Nh5 9. Ba4 Kh8 10. h3 f5 11. Bxc6 bxc6 12. d4 Nf4 13. exf5 Bxf5 14. Nc4 Nd3 15.
Bg5 Qd7 16. Re3 e4 17. Ne1 Nxf2 18. Kxf2 Be6+ 19. Kg1 Bxc4 20. Rxe4 Qf5 21. Qg4
Qf2+ 22. Kh2 Qxb2 23. Rc1 Rf7 24. h4 Bd5 25. Re2 Qb5 26. h5 Bf3 27. Nxf3 Qxe2
28. h6 Bf8 29. d5 c5 30. c4 Rb8 31. Qe6 Rb2 32. Bd2 Qxe6 33. dxe6 Rxf3 34. Bc3+
Rxc3 0-1

[Event "Gausdal Classics 2008 GM-B"]
[Site "Gausdal NOR"]
[Date "2008.04.13"]
[Round "6.25"]
[White "Ofstad, Per"]
[Black "Arvola, Benjamin"]
[Result "1/2-1/2"]
[WhiteElo "2155"]
[BlackElo "2084"]
[PlyCount "47"]
[EventDate "2008.04.08"]
[EventType "swiss"]
[EventRounds "9"]
[EventCountry "NOR"]
[Source "lmi"]
[SourceDate "2008.04.08"]

1. Nf3 Nf6 2. c4 g6 3. Nc3 Bg7 4. g3 O-O 5. Bg2 c6 6. O-O d5 7. cxd5 cxd5 8. d4
Nc6 9. Bf4 Ne4 10. Rc1 Nxc3 11. Rxc3 Bf5 12. Qd2 Be4 13. Be3 Rc8 14. Rfc1 Qd7
15. b4 a6 16. a4 Na7 17. Ne5 Qxa4 18. Bxe4 dxe4 19. Rc7 f6 20. Rxb7 fxe5 21.
Rxa7 Rxc1+ 22. Qxc1 exd4 23. Bxd4 Qxb4 24. Bxg7 1/2-1/2

[Event "Gausdal Classics 2008 GM-B"]
[Site "Gausdal NOR"]
[Date "2008.04.13"]
[Round "6.26"]
[White "Tofte, Sondre Waage"]
[Black "Getz, Nicolai"]
[Result "0-1"]
[WhiteElo "2131"]
[BlackElo "2058"]
[PlyCount "116"]
[EventDate "2008.04.08"]
[EventType "swiss"]
[EventRounds "9"]
[EventCountry "NOR"]
[Source "lmi"]
[SourceDate "2008.04.08"]

1. e4 c5 2. Nf3 Nc6 3. d4 cxd4 4. Nxd4 g6 5. Nc3 Bg7 6. Be3 Nf6 7. Bc4 O-O 8.
Bb3 a5 9. a4 Ng4 10. Qxg4 Nxd4 11. O-O d5 12. Qg3 Nxb3 13. cxb3 d4 14. Rad1 e5
15. Bg5 f6 16. Bc1 Bd7 17. Ne2 Bc6 18. Qd3 Qd7 19. f4 b5 20. Nc3 bxa4 21. bxa4
Kh8 22. f5 g5 23. h4 gxh4 24. Qh3 Qf7 25. Nb5 Bxb5 26. axb5 Qh5 27. g4 Qf7 28.
Qxh4 Rg8 29. Rd3 Bf8 30. Rh3 Bc5 31. Kh1 Be7 32. Rf2 Bd8 33. Rfh2 Ra7 34. b3
Qb7 35. Kg1 Rg7 36. Rc2 Ra8 37. Ba3 Qxe4 38. Rg2 Rc8 39. Qh5 Be7 40. Bxe7 Rxe7
41. g5 Qf4 42. Rhg3 Qxf5 43. Rf3 Qb1+ 44. Kh2 Rc1 45. Qg4 Rh1+ 46. Kg3 Qe1+ 47.
Rff2 Qe3+ 48. Rf3 Qxg5 49. Qxg5 fxg5 50. Rc2 Kg7 51. b6 Rh6 52. Kg4 Rxb6 53.
Kxg5 e4 54. Rf5 d3 55. Rc8 d2 56. Rd8 e3 57. b4 e2 58. bxa5 Rg6+ 0-1

[Event "Gausdal Classics 2008 GM-B"]
[Site "Gausdal NOR"]
[Date "2008.04.13"]
[Round "6.27"]
[White "Olsson, Lars"]
[Black "Quinn, John M"]
[Result "1/2-1/2"]
[WhiteElo "2067"]
[BlackElo "2157"]
[PlyCount "76"]
[EventDate "2008.04.08"]
[EventType "swiss"]
[EventRounds "9"]
[EventCountry "NOR"]
[Source "lmi"]
[SourceDate "2008.04.08"]

1. c4 Nf6 2. Nc3 g6 3. g3 Bg7 4. Bg2 e5 5. d3 d6 6. Bg5 h6 7. Bd2 Nc6 8. Rb1 a5
9. a3 O-O 10. b4 axb4 11. axb4 Rb8 12. Qc1 Kh7 13. h4 Be6 14. h5 g5 15. Nf3 Nd4
16. Nxg5+ hxg5 17. h6 Bh8 18. Bxg5 Bf5 19. Ne4 Qe7 20. Kf1 Qe6 21. b5 Nxe4 22.
dxe4 Bg6 23. e3 Ne2 24. Qc2 Nxg3+ 25. fxg3 f5 26. Kg1 fxe4 27. Bxe4 Bxe4 28.
Qxe4+ Qf5 29. Qxf5+ Rxf5 30. Bh4 e4 31. Rf1 Rbf8 32. Kg2 Be5 33. Rxf5 Rxf5 34.
Rf1 Rxf1 35. Kxf1 Kxh6 36. Kg2 Kh5 37. Kh3 c6 38. bxc6 bxc6 1/2-1/2

[Event "Gausdal Classics 2008 GM-B"]
[Site "Gausdal NOR"]
[Date "2008.04.13"]
[Round "6.28"]
[White "Vovk, Oksana"]
[Black "Saevareid, Ove"]
[Result "0-1"]
[WhiteElo "2166"]
[BlackElo "2162"]
[PlyCount "170"]
[EventDate "2008.04.08"]
[EventType "swiss"]
[EventRounds "9"]
[EventCountry "NOR"]
[Source "lmi"]
[SourceDate "2008.04.08"]

1. d4 d5 2. c4 e6 3. Nc3 Be7 4. Nf3 Nf6 5. Bg5 O-O 6. cxd5 Nxd5 7. Bxe7 Qxe7 8.
e4 Nxc3 9. bxc3 c5 10. Bd3 Nc6 11. O-O cxd4 12. cxd4 Rd8 13. Qa4 Nxd4 14. Nxd4
e5 15. Nc6 bxc6 16. Qxc6 Bb7 17. Qc2 Rac8 18. Qb3 Rc6 19. Rfd1 Rb6 20. Qa4 Bc6
21. Qa5 h6 22. Rac1 Rd4 23. Qe1 Bb7 24. f3 Qa3 25. Rc3 Qd6 26. Qe2 Ba6 27. Qc2
Kh7 28. Kf2 Qd8 29. Ke2 Rbd6 30. Qb1 Qh4 31. h3 Qg3 32. Kf1 Qg5 33. Kf2 Qh4+
34. Ke2 Qg3 35. Kf1 Qf4 36. Ke2 Qg5 37. Kf2 Qd8 38. Ke2 Rb6 39. Rb3 Rbd6 40.
Ra3 Rxd3 41. Raxd3 Rd4 42. Ke3 Bxd3 43. Rxd3 Rxd3+ 44. Qxd3 Qb6+ 45. Ke2 Qg1
46. g4 Qg2+ 47. Ke3 Qxa2 48. Qc3 Qe6 49. Qa3 a6 50. Ke2 Qc6 51. Qe7 f6 52. Qd8
Qb5+ 53. Ke3 Qc5+ 54. Ke2 a5 55. Qe8 Qc4+ 56. Kd2 Qd4+ 57. Ke2 Qb2+ 58. Ke3
Qc3+ 59. Ke2 Qc2+ 60. Ke3 a4 61. h4 a3 62. h5 Qb3+ 63. Ke2 Qg8 64. Qa4 Qa2+ 65.
Ke3 Qb2 66. Qe8 Qd4+ 67. Ke2 Qd6 68. Qg6+ Kg8 69. Qe8+ Qf8 70. Qa4 Kh7 71. Ke3
Qe7 72. Kd3 Qd6+ 73. Ke2 Qe7 74. Kd3 g6 75. hxg6+ Kxg6 76. Qb3 Kg5 77. Ke2 Qc5
78. Qd3 Kh4 79. Qd2 Kg3 80. Qe1+ Kg2 81. Qf1+ Kh2 82. Qa1 Qc4+ 83. Ke1 Qb4+ 84.
Kf1 Qb2 85. Qe1 Qg2# 0-1

[Event "Gausdal Classics 2008 GM-B"]
[Site "Gausdal NOR"]
[Date "2008.04.14"]
[Round "7.1"]
[White "Hammer, Jon Ludvig"]
[Black "Sundararajan, Kidambi"]
[Result "1-0"]
[WhiteElo "2457"]
[BlackElo "2441"]
[PlyCount "85"]
[EventDate "2008.04.08"]
[EventType "swiss"]
[EventRounds "9"]
[EventCountry "NOR"]
[Source "lmi"]
[SourceDate "2008.04.08"]

1. e4 c6 2. d4 d5 3. Nd2 dxe4 4. Nxe4 Nd7 5. Ng5 Ngf6 6. Bd3 e6 7. N1f3 Bd6 8.
Qe2 h6 9. Ne4 Nxe4 10. Qxe4 Qc7 11. O-O b6 12. Qg4 Kf8 13. b3 Bb7 14. Bb2 Nf6
15. Qh3 Nd5 16. g3 c5 17. Rae1 Nf6 18. Ne5 cxd4 19. Bxd4 Rd8 20. Bc4 Ne4 21.
Nxf7 Qxf7 22. Rxe4 Bxe4 23. Qh4 Be7 24. Qxe4 Qf5 25. Re1 h5 26. Qxf5+ exf5 27.
Bxg7+ Kxg7 28. Rxe7+ Kf6 29. Re6+ Kg7 30. Re7+ Kf6 31. Rf7+ Ke5 32. Rxa7 h4 33.
Re7+ Kd4 34. Bd3 Rd5 35. Rf7 h3 36. Rxf5 Rxf5 37. Bxf5 b5 38. a4 b4 39. Kf1 Ke5
40. Bd3 Ra8 41. f3 Kd4 42. Kf2 Kc3 43. Be4 1-0

[Event "Gausdal Classics 2008 GM-B"]
[Site "Gausdal NOR"]
[Date "2008.04.14"]
[Round "7.2"]
[White "Levin, Felix"]
[Black "Prasad, Arun"]
[Result "1/2-1/2"]
[WhiteElo "2546"]
[BlackElo "2465"]
[PlyCount "48"]
[EventDate "2008.04.08"]
[EventType "swiss"]
[EventRounds "9"]
[EventCountry "NOR"]
[Source "lmi"]
[SourceDate "2008.04.08"]

1. d4 d5 2. c4 c6 3. Nf3 Nf6 4. e3 e6 5. Bd3 Nbd7 6. O-O Bd6 7. Nbd2 O-O 8. e4
e5 9. cxd5 cxd5 10. exd5 exd4 11. Ne4 Nxe4 12. Bxe4 Nf6 13. Qxd4 Nxe4 14. Qxe4
Re8 15. Qd4 Bf5 16. Bg5 f6 17. Bh4 Re4 18. Qd2 Bf4 19. Qd1 Qd6 20. Bg3 Bxg3 21.
hxg3 Rd8 22. Nh4 Bg4 23. Qb3 Rb4 24. Qa3 Qb6 1/2-1/2

[Event "Gausdal Classics 2008 GM-B"]
[Site "Gausdal NOR"]
[Date "2008.04.14"]
[Round "7.4"]
[White "Bromberger, Stefan"]
[Black "Elsness, Frode"]
[Result "1/2-1/2"]
[WhiteElo "2487"]
[BlackElo "2440"]
[PlyCount "170"]
[EventDate "2008.04.08"]
[EventType "swiss"]
[EventRounds "9"]
[EventCountry "NOR"]
[Source "lmi"]
[SourceDate "2008.04.08"]

1. e4 e5 2. Nf3 Nc6 3. Bb5 a6 4. Ba4 Nf6 5. O-O Be7 6. Re1 b5 7. Bb3 d6 8. c3
O-O 9. h3 Na5 10. Bc2 c5 11. d4 Qc7 12. Nbd2 Nc6 13. d5 Nd8 14. a4 Rb8 15. Nf1
Ne8 16. axb5 axb5 17. b4 Bd7 18. Be3 f6 19. Ng3 g6 20. Nd2 Nf7 21. bxc5 dxc5
22. c4 Ned6 23. cxb5 Nxb5 24. Bd3 Nd4 25. Nc4 Ra8 26. Rxa8 Rxa8 27. Qd2 Ra4 28.
Rb1 Rb4 29. Ne2 Bb5 30. Rxb4 cxb4 31. Bxd4 Bxc4 32. Qc2 Nd6 33. Bb2 b3 34. Qc3
Bd8 35. Nc1 Bxd3 36. Qxd3 Qc4 37. Qxb3 Qxb3 38. Nxb3 Nxe4 39. f3 Bb6+ 40. Bd4
Bxd4+ 41. Nxd4 Nc3 42. Nc6 Nxd5 43. g4 Nf4 44. Kh2 Ne2 45. Nb4 Kf7 46. Nd3 Nf4
47. Nc5 Ne6 48. Nd3 Ke7 49. Kg3 Kd6 50. h4 Kd5 51. Nb4+ Kc5 52. Nc2 Nf4 53. Kf2
Kc4 54. Na3+ Kd3 55. Nb5 Kd2 56. Nd6 Nd3+ 57. Kg3 Ke3 58. h5 gxh5 59. gxh5 Ne1
60. Nf5+ Ke2 61. Nh4 Nc2 62. Kg4 Ne3+ 63. Kg3 f5 64. Ng6 Nf1+ 65. Kg2 e4 66.
Nf4+ Ke1 67. fxe4 fxe4 68. Nd5 e3 69. Nc3 Nd2 70. Kg3 Nc4 71. Kf3 Kd2 72. Ne4+
Kd3 73. Nc5+ Kd2 74. Ne4+ Ke1 75. h6 Kd1 76. Nc3+ Kc2 77. Ne4 Kd3 78. Nc5+ Kd2
79. Ne4+ Ke1 80. Nc3 Kd2 81. Ne4+ Kd1 82. Nc3+ Ke1 83. Ne4 Kf1 84. Ng3+ Kg1 85.
Nf5 Ne5+ 1/2-1/2

[Event "Gausdal Classics 2008 GM-B"]
[Site "Gausdal NOR"]
[Date "2008.04.14"]
[Round "7.5"]
[White "Lie, Espen"]
[Black "Akesson, Ralf"]
[Result "1/2-1/2"]
[WhiteElo "2440"]
[BlackElo "2466"]
[PlyCount "76"]
[EventDate "2008.04.08"]
[EventType "swiss"]
[EventRounds "9"]
[EventCountry "NOR"]
[Source "lmi"]
[SourceDate "2008.04.08"]

1. c4 e6 2. g3 d5 3. Bg2 Nf6 4. Nf3 dxc4 5. O-O Nbd7 6. Qc2 c5 7. Na3 Rb8 8.
Nxc4 b5 9. Nce5 Bb7 10. d4 Be4 11. Qd2 Nxe5 12. dxe5 Nd5 13. Bh3 h6 14. Ne1 Qb6
15. a4 b4 16. b3 Be7 17. Bg2 Bxg2 18. Nxg2 Qa6 19. Ne3 Nxe3 20. Qxe3 c4 21.
bxc4 Rc8 22. Bb2 Rxc4 23. Rfc1 Rxc1+ 24. Rxc1 Qxa4 25. Rc7 Qd1+ 26. Kg2 Qd5+
27. f3 Bg5 28. Qxa7 O-O 29. Qc5 Qd2 30. Qc2 Rd8 31. f4 Be7 32. Qxd2 Rxd2 33.
Bc1 Rd1 34. Be3 Kf8 35. Bb6 f6 36. exf6 gxf6 37. Bc5 Bxc5 38. Rxc5 Kf7 1/2-1/2

[Event "Gausdal Classics 2008 GM-B"]
[Site "Gausdal NOR"]
[Date "2008.04.14"]
[Round "7.6"]
[White "Pruess, David"]
[Black "Djurhuus, Rune"]
[Result "1/2-1/2"]
[WhiteElo "2425"]
[BlackElo "2459"]
[PlyCount "128"]
[EventDate "2008.04.08"]
[EventType "swiss"]
[EventRounds "9"]
[EventCountry "NOR"]
[Source "lmi"]
[SourceDate "2008.04.08"]

1. e4 e6 2. d4 d5 3. Nc3 Bb4 4. e5 c5 5. a3 Bxc3+ 6. bxc3 Ne7 7. h4 Qc7 8. h5
h6 9. Rh4 b6 10. Rg4 Kf8 11. a4 Ba6 12. Bb5 Bxb5 13. axb5 Nd7 14. Nf3 cxd4 15.
cxd4 Qc4 16. Qd3 Qxd3 17. cxd3 a5 18. Ba3 Rg8 19. Kd2 Ke8 20. Rh4 Nc8 21. Rhh1
Na7 22. Rab1 f6 23. Nh4 Kf7 24. f4 Rgc8 25. Ng6 Rc7 26. Bd6 Rb7 27. g4 a4 28.
Ba3 Rc7 29. Bd6 Rb7 30. Ba3 Rc7 31. Rhc1 Rxc1 32. Kxc1 fxe5 33. fxe5 Nc8 34.
Kd2 Ra5 35. Rc1 Na7 36. Rc7 Ke8 37. Nf4 Nxb5 38. Rc8+ Kf7 39. Bb4 Nxd4 40. Ng6
Rc5 41. Nh8+ Ke7 42. Ng6+ Kf7 43. Bxc5 bxc5 44. Ke3 a3 45. Nh8+ Ke7 46. Ng6+
Kf7 47. Ra8 Nc2+ 48. Kf4 c4 49. Nh8+ Ke7 50. Ng6+ Kf7 51. dxc4 dxc4 52. Nh8+
Ke7 53. Ng6+ Kf7 54. Kg3 c3 55. Nh8+ Ke7 56. Ng6+ Kf7 57. Kh3 Nd4 58. Nh8+ Ke7
59. Ng6+ Kf7 60. Rxa3 c2 61. Ra8 c1=Q 62. Nh8+ Ke7 63. Ng6+ Kf7 64. Nh8+ Ke7
1/2-1/2